[Event "GER-chT U20"]
[Site "Ditzingen"]
[Date "2003.12.29"]
[Round "6.6"]
[White "Kittler, Alexander"]
[Black "Poetzsch, Barnim"]
[Result "0-1"]
[WhiteElo "972"]
[BlackElo "1467"]
[PlyCount "48"]
[EventDate "2003.12.27"]
[EventType "team-swiss"]
[EventRounds "7"]
[EventCountry "GER"]
[SourceTitle "EXT 2022"]
[Source "ChessBase"]
[SourceDate "2021.10.06"]
[SourceVersion "1"]
[SourceVersionDate "2021.10.06"]
[SourceQuality "1"]
[WhiteTeam "Puschendorf U20"]
[BlackTeam "Mainz Theresianum U20"]
[WhiteTeamCountry "GER"]
[BlackTeamCountry "GER"]

1. e4 e5 2. Nf3 Nc6 3. Bb5 a6 4. Ba4 Nf6 5. Nc3 b5 6. Bb3 Na5 7. 0-0 Nxb3 8. axb3 d6 9. h3 Bb7 10. d3 Be7 11. Bg5 h6 12. Bh4 0-0 13. Re1 Nh7 14. Bxe7 Qxe7 15. Qd2 f5 16. Rad1 f4 17. d4 Ng5 18. Qe2 b4 19. Nxg5 Qxg5 20. Qc4+ Rf7 21. Qxb4 Bc8 22. Kh1 Qh5 23. Kh2 f3 24. Kg1 Bxh3 0-1

[Event "GER-chT U20"]
[Site "Ditzingen"]
[Date "2003.12.29"]
[Round "5.6"]
[White "Kittler, Alexander"]
[Black "Sabelfeld, Nastja"]
[Result "0-1"]
[WhiteElo "972"]
[BlackElo "1565"]
[PlyCount "116"]
[EventDate "2003.12.27"]
[EventType "team-swiss"]
[EventRounds "7"]
[EventCountry "GER"]
[SourceTitle "EXT 2022"]
[Source "ChessBase"]
[SourceDate "2021.10.06"]
[SourceVersion "1"]
[SourceVersionDate "2021.10.06"]
[SourceQuality "1"]
[WhiteTeam "Puschendorf U20"]
[BlackTeam "Erfurt Empor U20"]
[WhiteTeamCountry "GER"]
[BlackTeamCountry "GER"]

1. e4 c5 2. Nf3 d6 3. Be2 Nf6 4. 0-0 Nxe4 5. d3 Nf6 6. Bg5 e6 7. Nc3 Be7 8. Qd2 Nc6 9. Rfe1 h6 10. Bh4 0-0 11. Rad1 Qb6 12. Ne4 Nxe4 13. dxe4 Bxh4 14. Nxh4 Qxb2 15. Bc4 Rd8 16. Bb3 Qf6 17. Nf3 b5 18. a3 c4 19. Ba2 Qb2 20. Ra1 Qxa3 21. Bxc4 Qc5 22. Bb3 a5 23. Re3 Bb7 24. Rc3 Qb6 25. h3 Nb4 26. Qe2 d5 27. exd5 Bxd5 28. Bxd5 Nxd5 29. Rb3 b4 30. Rd1 Rdc8 31. c4 Nc3 32. Qc2 Nxd1 33. Qxd1 Rxc4 34. Ne5 Rd4 35. Qf3 Rf8 36. g4 Qd6 37. Qe3 a4 38. Rb1 Rd1+ 39. Rxd1 Qxd1+ 40. Kg2 Qd5+ 41. Kg1 b3 42. Qc3 Qd1+ 43. Kg2 Qc2 44. Qxc2 bxc2 45. Nd3 Rd8 46. Nc1 Rd1 47. Na2 c1Q 48. Nxc1 Rxc1 49. f4 a3 50. Kg3 a2 51. Kh4 a1Q 52. f5 Qf6+ 53. Kg3 exf5 54. gxf5 Rc3+ 55. Kf4 Qg5+ 56. Ke5 Qe3+ 57. Kd6 Qd4+ 58. Ke7 Re3# 0-1